Statistics for British Trees

Click here to take the quiz!

General Stats

  • This quiz has been taken 18 times
  • The average score is 5 of 9

Answer Stats

Answer% Correct
Birch
100%
Oak
92%
Ash
69%
Beech
62%
Hazel
38%
Alder
31%
Wild cherry
31%
Blackthorn
23%
Crab apple
15%

Score Distribution

Percentile by Number Answered

Percent of People with Each Score

Your Score History

You have not taken this quiz